000 00331nam a2200121 a 4500
005 20140414131911.0
008 101011s19uu xx 00 eng d
050 _aER
_bB85 2003
245 _aBubbles plays with fire.
260 _bEarly Childhood Pub,
_aSingapore :
_c2003.
440 _aBubbles' First Storybooks
999 _c111194
_d111194